Central Library OPAC University of Rajshahi

চৈতন্যোত্তর যুগে গৌড়ীয় বৈষ্ণব / (Record no. 57058)

MARC details
000 -LEADER
fixed length control field 00809nam a2200217 a 4500
001 - CONTROL NUMBER
control field 57058
003 - CONTROL NUMBER IDENTIFIER
rucl marc code BD-RjUL
005 - DATE AND TIME OF LATEST TRANSACTION
control field 20211209080450.0
008 - FIXED-LENGTH DATA ELEMENTS--GENERAL INFORMATION
fixed length control field 161205s1972 ii ||||| |||| 00| 0 ben d
035 ## - SYSTEM CONTROL NUMBER
System control number (BD-RjUL)57182
040 ## - CATALOGING SOURCE
Original cataloging agency BD-RjUL
Language of cataloging ben
Transcribing agency BD-RjUL
Modifying agency BD-RjUL
041 ## - LANGUAGE CODE
Language code of text/sound track or separate title ben
082 ## - DEWEY DECIMAL CLASSIFICATION NUMBER
Edition number 23
Classification number 294.5512
Author mark and year GOC 1972
100 ## - MAIN ENTRY--PERSONAL NAME
Personal name গোস্বামী, ননীগোপাল
9 (RLIN) 169505
245 10 - TITLE STATEMENT
Title চৈতন্যোত্তর যুগে গৌড়ীয় বৈষ্ণব /
Statement of responsibility, etc. ননীগোপাল গোস্বামী
260 ## - PUBLICATION, DISTRIBUTION, ETC. (IMPRINT)
Place of publication, distribution, etc. কলিকাতা :
Name of publisher, distributor, etc. করুণা প্রকাশন,
Date of publication, distribution, etc. ১৯৭২.
300 ## - PHYSICAL DESCRIPTION
Pagination [৯], ২২৩০ পৃ. ;
Size ২৩ সেমি.
650 ## - SUBJECT ADDED ENTRY--TOPICAL TERM
Topical term or geographic name as entry element বৈষ্ণব
9 (RLIN) 169506
Topical term or geographic name as entry element Vishnuism
9 (RLIN) 135682
942 ## - ADDED ENTRY ELEMENTS (KOHA)
Source of classification or shelving scheme Dewey Decimal Classification
Koha item type Books
Holdings
Lost status Source of classification or shelving scheme Damaged status Not for loan Collection code Permanent Location Current Location Shelving location Date acquired Source of acquisition Total Checkouts Full call number Date last seen Copy number Koha item type
  Dewey Decimal Classification     Non-fiction Central Library, University of Rajshahi Central Library, University of Rajshahi Reading Room 15/08/1973 Govt. of India, Gift   B 294.5512 GOC 1972 05/12/2016 C-1 Books